| 000 | 01351nam a2200313 4500 | ||
|---|---|---|---|
| 005 | 20240530110345.0 | ||
| 008 | 141203s2010 ua fr 000 0 ara d | ||
| 017 |
_a2537/2010 _bمصر . دار الكتب المصرية |
||
| 020 | _a9771806955 | ||
| 040 | _aEG-CaGPL | ||
| 041 | 0 | _aara | |
| 082 | 0 | 4 |
_221 _a962.031/ _bق/ر أ |
| 100 | 0 | _aرءوف عباس حامد | |
| 245 | 1 | 2 |
_aالاوامر والمكاتبات الصادرة من عزيز مصر محمد على / _c اشراف رءوف عباس حامد ؛ تحقيق امنية عامر ... [ واخ ] _n2 مج |
| 260 |
_aالقاهرة : _bمطبعة دار الكتب والوثائق القومية بالقاهرة ، _c2010 |
||
| 300 |
_a2 مج ؛ _c28 سم |
||
| 600 | 0 | 4 | _aمحمد على باشا |
| 651 | 0 | 4 |
_aمصر _xتاريخ _yمحمد على 1805 -1849 م |
| 651 | 0 | 4 |
_aمصر _xتاريخ _yالعصر الحديث |
| 700 | 0 |
_aرءوف عباس حامد _eمشرف |
|
| 700 | 0 |
_aامنية عامر _eمحقق |
|
| 700 | 0 |
_aعماد هلال _eمحقق مشارك |
|
| 700 | 0 |
_aعماد ابو غازى _eمحقق مشارك |
|
| 700 | 0 |
_aمجدى جرجس _eمحقق مشارك |
|
| 700 | 0 |
_aناصر ابراهيم _eمحقق مشارك |
|
| 700 | 0 |
_aيحيى محمد _eمحقق مشارك |
|
| 942 |
_2ddc _cBK |
||
| 999 |
_c59961 _d59961 |
||